=LDR 00000nam 2200000 4500 =001 INLIS000000000031207 =005 20130612133307 =008 ***********************************ind** =035 ##$$0010-061300000031207 =041 ##$$a ind =082 ##$$a 338.959 8 =090 ##$$a 338.959 8, RAH t =100 ##$$a Raharjo, M. Dawam =245 ##$$a Transformasi pertanian, industrialisasi dan kesempatan kerja, M. Dawam Rahardjo =260 ##$$a 1986 $b Jakarta =300 ##$$a xvi, 308 hlm., 23 cm =650 ##$$a Pertanian =650 ##$$a Aspek sosial =850 ##$$a NBPNMAT =990 ##$$a 0001/BPAP-NTB/2016 =990 ##$$a 06990699 =990 ##$$a 00055957 =990 ##$$a 0001/BPAP-NTB/2016